00603nam a22001697a 4500999001900000003000500019020002400024038001100048082001500059100002700074245006300101260004100164300001300205942001200218952010900230952009400339 c527396d527396NUST a9781535312431qP/B. awaseem a005.8bPOL aPolstra, Phlilp918629 aWindow Forensics:bwith Python Scripting /cPhlilp Polstra aGermany :bPentester Academy,c2016. a529 p. ; 2ddccBK 00102ddc4070aCLbCLcAId2019-07-26l2m4o005.8 POLpCL-147r2025-10-14s2025-04-18w2019-07-26yBK 00102ddc4070aCLbCLcAId2019-07-27l0o005.8 POLpCL-148r2019-07-27w2019-07-27yBK